Analýza dopadu vstupu SR do EMÚ bakalárska práca

Salvato in:
Dettagli Bibliografici
Autore principale: Trnovec, Dominik
Ente Autore: Národohospodárska fakulta EU. Katedra hospodárskej politiky
Altri autori: Kopkáš, Peter
Natura: Libro
Lingua:slovacco
Pubblicazione: Bratislava 2012
Tags: Aggiungi Tag
Nessun Tag, puoi essere il primo ad aggiungerne!!

MARC

LEADER 00000nbm a2200000 4500
001 0155757
005 20161109111914.2
041 0 |a slo 
044 |a SK 
245 1 0 |a Analýza dopadu vstupu SR do EMÚ  |b bakalárska práca  |c Dominik Trnovec ; školiteľ: Peter Kopkáš 
264 1 |a Bratislava  |c 2012 
300 |a 36 s. 
100 1 |a Trnovec, Dominik 
700 1 |a Kopkáš, Peter 
710 2 |a Národohospodárska fakulta EU. Katedra hospodárskej politiky